000 00603nam a2200253Ia 4500
005 20250425162011.0
008 250425s9999 xx 000 0 und d
020 _a8403182805
041 _aspa
082 _a330
100 _aSAMUELSON, PAUL A.
245 0 _aCURSO DE ECONOMIA MODERNA
250 _a1A ED.
260 _aEspaƱa
_bAGUILAR, S.A. DE EDICIONES
_c1975
260 _aMADRID
300 _a1004
650 _aECONOMIA
650 _aEMPRESAS
650 _aPRECIOS
650 _aRENTAS DEL ESTADO
700 _aJOSE LUIS SAMPEDRO
_etraductor
942 _c01
010 _a39491
999 _c220402
_d220402